000 00273nam a2200109Ia 4500
001 1259637
005 20260417140315.0
008 260417s9999 xx 000 0 und d
020 _a9789752893726
245 0 _aGurbet Kuşları
_cOrhan Kemal
260 _bEverest Yayınları
999 _c1259637
_d1259637